000 00635nam a2200229 a 4500
005 20210219153436.0
008 991125n 000 0 eng u
035 _aUPN01000099918
100 1 _aBlits, Fan H.
222 _aACADEMIC QUESTIONS
245 _aThe silenced partner : Linda Gottfredson and the university of Delaware
260 _aEUA
300 _a41-47
362 0 _a1991 Vol. 4, no. 3, summer
653 0 _aEDUCACION SUPERIOR
653 0 _aESTADOS UNIDOS DE AMERICA
653 0 _aINVESTIGACION
653 0 _aLIBERTAD ACADEMICA
653 0 _aPOLITICA EDUCATIVA
904 _aAC
_b037729
905 _aArticulo
999 _c76930
_d76930